Statistics for 世界の都市人口ランキング100

Click here to take the quiz!

General Stats

  • This quiz has been taken 5 times
  • The average score is 31 of 100

Answer Stats

人口都市名% Correct
1720万人ロサンゼルス
100%
2200万人ニューヨーク
100%
1490万人ロンドン
100%
2120万人バンコク
100%
2120万人北京(ペキン)
100%
4100万人東京
100%
965万人シカゴ
100%
1770万人大阪
100%
1050万人名古屋
100%
1150万人パリ
100%
1250万人リオデジャネイロ
67%
1180万人リマ
67%
7010万人広州(クワンチョウ)
67%
785万人シンガポール
67%
770万人トロント
67%
765万人ダラス
67%
670万人ナイロビ
67%
610万人ミラノ
67%
1040万人ボゴタ
67%
930万人クアラルンプール
67%
4080万人上海(シャンハイ)
67%
2070万人ラゴス
67%
2510万人ソウル
67%
2920万人ジャカルタ
67%
1910万人モスクワ
67%
3460万人デリー
67%
2720万人マニラ
67%
2210万人サンパウロ
67%
2510万人メキシコシティ
67%
2250万人カイロ
67%
715万人ハノイ
33%
615万人ヤンゴン
33%
625万人ダルエスサラーム
33%
770万人ボストン
33%
630万人マイアミ
33%
650万人サンクトペテルブルク
33%
825万人サンティアゴ
33%
660万人アクラ
33%
1770万人コルカタ(カルカッタ)
33%
750万人リヤド
33%
750万人フィラデルフィア
33%
745万人サンフランシスコ
33%
2710万人ムンバイ
33%
610万人アトランタ
33%
2250万人ダッカ
33%
1460万人ヨハネスブルグ
33%
1670万人ブエノスアイレス
33%
1650万人テヘラン
33%
1590万人イスタンブール
33%
1560万人キンシャサ
33%
705万人ヒューストン
33%
2090万人カラチ
33%
595万人ドバイ
33%
595万人太原(タイユェン)
0%
695万人バンドン(バンドゥン)
0%
600万人モンテレイ
0%
680万人アビジャン
0%
620万人石家荘(シージャーヂュアン)
0%
620万人アレクサンドリア
0%
530万人大連(タ―リエン)
0%
545万人ハルビン
0%
590万人スラバヤ
0%
665万人マドリード(マドリッド)
0%
545万人バマコ
0%
600万人アンマン
0%
565万人ルール地方
0%
650万人昆明(クンミン)
0%
575万人デトロイト
0%
585万人グアダラハラ
0%
655万人済南(ジーナン)
0%
1730万人成都(チェンドゥ)
0%
705万人ハルツーム(ハルトゥーム)
0%
995万人台北(タイペイ)
0%
1490万人廈門(アモイ)
0%
1450万人ラホール
0%
1420万人ベンガルール(バンガロール)
0%
1390万人杭州(ハンチョウ)
0%
1390万人ホーチミン(サイゴン)
0%
1280万人西安(シーアン)
0%
1260万人チェンナイ(マドラス)
0%
1220万人武漢(ウーハン)
0%
1150万人天津(テンチン)
0%
1140万人ハイデラバード
0%
1100万人長沙(チャンシャー)
0%
1090万人重慶(チョンチン)
0%
980万人鄭州(ヂェンヂョウ)
0%
725万人香港(ホンコン)
0%
960万人アーメダバード(アフマダーバード)
0%
935万人ルアンダ
0%
930万人南京(ナンキン)
0%
870万人瀋陽(シェンヤン)
0%
800万人汕頭(スワトウ)
0%
780万人合肥(ホーフェイ)
0%
775万人プネー
0%
775万人スーラト
0%
765万人バグダード(バグダッド)
0%
745万人青島(チンタオ)
0%
730万人寧波(ニンボー)
0%
530万人南寧(ナンニン)
0%
855万人ワシントンD.C.(コロンビア特別区)
0%

Score Distribution

Percentile by Number Answered

Percent of People with Each Score

Your Score History

You have not taken this quiz